On War / (Record no. 588831)
[ view plain ]
| 000 -LEADER | |
|---|---|
| fixed length control field | 00334nam a22001577a 4500 |
| 003 - CONTROL NUMBER IDENTIFIER | |
| control field | NUST |
| 038 ## - RECORD CONTENT LICENSOR | |
| Staff Name | Khadija |
| 082 ## - DEWEY DECIMAL CLASSIFICATION NUMBER | |
| Classification number | 355.02 |
| Author Mark | CLA |
| 100 ## - MAIN ENTRY--PERSONAL NAME | |
| Personal name | Clausewitz |
| 9 (RLIN) | 90635 |
| 245 ## - TITLE STATEMENT | |
| Title | On War / |
| Statement of responsibility, etc. | Von Clausewitz |
| 250 ## - EDITION STATEMENT | |
| Edition statement | vol I |
| 260 ## - PUBLICATION, DISTRIBUTION, ETC. | |
| Place of publication, distribution, etc. | lahore |
| Name of publisher, distributor, etc. | combine printers |
| Date of publication, distribution, etc. | 1962 |
| 300 ## - PHYSICAL DESCRIPTION | |
| Extent | p314 |
| 563 ## - BINDING INFORMATION | |
| Binding note | HB |
| 942 ## - ADDED ENTRY ELEMENTS (KOHA) | |
| Source of classification or shelving scheme | |
| Koha item type | Book |
| Withdrawn status | Lost status | Source of classification or shelving scheme | Damaged status | Not for loan | Permanent Location | Current Location | Shelving location | Date acquired | Total Checkouts | Full call number | Barcode | Date last seen | Price effective from | Koha item type |
|---|---|---|---|---|---|---|---|---|---|---|---|---|---|---|
| School of Mechanical & Manufacturing Engineering (SMME) | School of Mechanical & Manufacturing Engineering (SMME) | General Stacks | 03/17/2022 | 355.02 CLA | SMME-3711 | 03/17/2022 | 03/17/2022 | Book |
